| 000 | 00857nam0a22002771 4500 | ||
|---|---|---|---|
| 001 | 2582144 | ||
| 005 | 20250622230927.0 | ||
| 021 |
_aRU _b78-62701 |
||
| 035 | _a(NLR Aleph) 006464817 | ||
| 090 |
_a5873739 _c5873739 |
||
| 100 | _a20110316d1978 |||y0rusy50 ca | ||
| 101 | 1 |
_arus _aspa _crus _gspa |
|
| 102 | _aRU | ||
| 105 | _ay z ||||| | ||
| 200 | 1 |
_aLa educación de la personalidad _eEficacia de la labor de educación ideólogica _fM. Nenashev _gTrad. del ruso por Marta González |
|
| 210 |
_aMoscú _cProgreso _d1978 |
||
| 215 |
_a211 с. _d20 |
||
| 686 |
_aФ61(2)503.1,02 _2rubbk |
||
| 700 | 1 |
_aненашев _bМ.Ф. _gМихаил Федорович |
|
| 702 | 1 |
_aGonzález _bM. _gMarta _4730 |
|
| 801 | 0 |
_aRU _bNLR _gpsbo |
|
| 801 | 1 |
_aRU _bELAR _2rusmarc |
|
| 852 |
_aNLR _jDesideratum |
||
| 899 |
_aRuMoRGB _jИн 78-3/138 |
||
| 942 | _cBOOK | ||
| 980 | _aNB | ||